JR東日本発車メロディクイズ2 - Statistics

General Stats
  • This quiz has been taken 262 times
  • The average score is 6 of 15
Answer Stats
Question Answer % Correct
山手線と京浜東北線用メロディをそれぞれ逆に設定してしまったことがある駅は、品川駅とどこ? 浜松町駅
82%
IKST変更駅で最初に日中にメロディが変更された駅は? 西荻窪駅
64%
初めて本線用メロディと別音色のメロディが副線用メロディとして導入された駅は? 武蔵浦和
62%
次の4つのメロディのうち、IKST導入にわり1番早く消滅したメロディはどれ? 原宿a・b
56%
「雲を友をとして」と「清流」が通年のメロディとして最後まで使用されたのは0503事件を免れた高崎問屋町駅ですが、0503事件を免れて2006年1月まで使用していたもう1つの駅はどこ? 武蔵小杉駅
51%
舞浜駅の歴代の発車メロディのうち、2016年1月〜3月までの「アナとエルサのフローズンファンタジー」開催時限定で2番線にて流れていたのはどれ? 生まれてはじめて
51%
ATOS放送各駅現況のサイトによると、Water Crownは今まで累計でいくつのバージョンが存在した? 13個
40%
東海道線の東京〜熱海の中で、ご当地メロディを除いて従来メロディを使っていた(いる)駅(変更対象駅)はいくつ?(品川の鉄道唱歌は普通に変更されたためご当地ではなく変更対象駅とします) 13駅
40%
1日にIKSTメロディを導入した駅数で1番多いのは何駅? 10駅
38%
(難)0503事件の8ヶ月後に消滅した「緑の風」を1日だけ使用していた駅は? 立川
30%
IKSTへの変更が1番多かった月は2025年6月ですが、何駅変更された? 80駅
30%
(難)IKST変更史上初の複数駅更新がされたのは次のうち組み合わせ? 武蔵小杉駅、東逗子駅
29%
ずばり、2025年にIKSTに変わった駅はなん駅あるでしょう? 286駅
27%
IKSTメロディが登場してから、IKSTへの変更がなかった期間は1番長くて何日間? 36日
26%
次の4つのテイチク曲を使用駅数の多い順(IKST導入前の2024年9月時点)に並び替えた時、2番目に来るメロディは? Mellow time
25%
No matching quizzes found
Score Distribution
Percent of People with Each Score
Percentile by Number Answered
Your Score History
You have not taken this quiz